00581nam a22001337a 4500008004100000082002100041245019200062260003700254300001000291710002400301942001200325999001500337952009500352230612b xxu||||| |||| 00| 0 eng d a352.4b100001594 aThe Report of The Controller The Appropriation Accounts, other Public Accounts details including Accounts of the Funds of the Republic of Kenya for the Year 2006/2007cGovernment of Kenya aKenyabGovernment of Kenyac2008 a608 p bGovernment of Kenya 2ddccBK c1052d1052 00102ddc4070a001b001d2023-06-12l0o352.4 KENp100001594r2023-06-12w2023-06-12yBK